Contexto del índice de regularidad internacional (IRI) en los proyectos de rehabilitación carreteros costarricenses
Furkejuvvon:
| Váldodahkki: | |
|---|---|
| Materiálatiipa: | Girji |
| Giella: | Spanish |
| Almmustuhtton: |
[San José], Costa Rica
2017
|
| Fáttát: | |
| Fáddágilkorat: |
Lasit fáddágilkoriid
Eai fáddágilkorat, Lasit vuosttaš fáddágilkora!
|
MARC
| LEADER | 00000nam a22000007a 4500 | ||
|---|---|---|---|
| 003 | 012590 | ||
| 005 | 20221231144208.0 | ||
| 008 | 170503b2017 cr a|||| m||| 00| u|spa d | ||
| 040 | |c cru CEDI | ||
| 090 | |a TFG 7741 | ||
| 100 | |9 8128 |a Solís Salas, María Verónica | ||
| 245 | |a Contexto del índice de regularidad internacional (IRI) en los proyectos de rehabilitación carreteros costarricenses | ||
| 260 | |a [San José], Costa Rica |c 2017 | ||
| 300 | |a xix, 204 hojas ;ilustraciones a color | ||
| 500 | |a Proyecto de graduación (licenciatura en ingeniería civil)--Universidad de Costa Rica. Facultad de Ingeniería. Escuela de Ingeniería Civil | ||
| 650 | |x CARRETERAS |x TRANSPORTE - MANTENIMIENTO Y REPARACION |x VEHICULOS |x PAVIMENTOS DE ASFALTO - CONTROL DE CALIDAD |x PAVIMENTOS DE ASFALTO - PRUEBAS |x MEZCLAS DE EMULSION ASFALTICA |9 8129 | ||
| 942 | |c TFG | ||
| 999 | |c 18264 |d 18264 | ||
